| 000 | 01100cam a2200241 a 4500 | ||
|---|---|---|---|
| 001 | 000009094 | ||
| 005 | 20200929161503.0 | ||
| 008 | 780807s1977 sp a s001 f spa | ||
| 035 | _a(DLC) 78353733 | ||
| 040 |
_aDO-SdBNP _cDLC _dDLC |
||
| 082 |
_a813.54 _bB823p |
||
| 100 | 1 |
_aBraschi, Wilfredo. _d1918- _923740 |
|
| 245 | 1 | 3 |
_aLa primera piedra / _cWilfredo Braschi ; edición, Lydia Zoraida Barreto. |
| 260 |
_aSan Juan, Puerto Rico : _bIstituto de Cultura Puetorriquña, _c1977. |
||
| 300 |
_a100 p. : _bil. ; _c18 cm. |
||
| 490 | 1 |
_aSerie Literatura hoy _v3 |
|
| 505 | 0 | _aLa primera piedra.--Un zurcido en la sotana.--El hombre que hacía bailar los peces.--El vino verde.--Cuando llegan las tinieblas.--Marinero en tierra.--Moisés Turcios, alcalde vitalicio.--Dos centavos ...--Tulia Tula Tell y unos ojos color de miel.--El milagro del padre Marcelo. | |
| 650 | 4 |
_aNovela estadounidense _9262 |
|
| 650 | 4 |
_aLiteraturra estadounidense _ySIGLO XX _923741 |
|
| 700 | 1 |
_aBarreto, Lydia Zoraida _eed. _923742 |
|
| 830 | 0 |
_aSerie Literatura hoy ; _v3 _917286 |
|
| 910 | _aCatalogación por copia / LC | ||
| 999 |
_c8858 _d8858 |
||